Normal view MARC view
  • Bishop Huchet

Entry Personal Name

Number of records used in: 1

001 - CONTROL NUMBER

  • control field: 7484

003 - CONTROL NUMBER IDENTIFIER

  • control field: OSt

005 - DATE AND TIME OF LATEST TRANSACTION

  • control field: 20200218142843.0

008 - FIXED-LENGTH DATA ELEMENTS

  • fixed length control field: 200218|| aca||aabn | a|a d

040 ## - CATALOGING SOURCE

  • Original cataloging agency: OSt
  • Transcribing agency: OSt

100 ## - HEADING--PERSONAL NAME

  • Personal name: Bishop Huchet

670 ## - SOURCE DATA FOUND

  • Source citation: Work cat.: (OSt): Bishop Huchet, The Five Chinese Brothers, 1938

Powered by Koha